Ticuantepe (Registro nro. 299658)

Detalles MARC
000 -ENCABEZADO
Número de control [NR] 00881 a2200217 4500
005 - FECHA Y HORA DE LA ÚLTIMA TRANSACCIÓN
control field 20150529131858.0
008 - DE LONGITUD FIJA DE DATOS DE ELEMENTOS - INFORMACIÓN GENERAL
Elementos de longitud fija [NR] 150529s2007 nq ||||fs|||| 00| 0 spa d
020 ## - NUMERO INTERNACIONAL NORMALIZADO PARA LIBROS [R]
Número Internacional Normalizado del libro [NR] [sin ISBN]
040 ## - FUENTE DE CATALOGACION [NR]
Agencia de catalogación original [NR] CO-BoUCM
Idioma de catalogación [NR] spa
Quien Cataloga Jose A. Gerena
Quien Clasifica Jose A. Gerena
041 0# - CODIGO DE IDIOMA [R]
Código de idioma para texto/pista de sonido o título separado [R] Español
245 ## - MENCION DE TITULO [NR]
Título [NR] Ticuantepe
Parte restante del título [NR] desarrollo agroecológico en ticuantepe (Nicaragüa). Evaluación y aprendizajes
Mención de responsabilidad, etc. [NR] dirigido por María Libertad Márquez ; Márquez films
260 ## - PUBLICACION, DISTRIBUCION, ETC. (PIE DE IMPRENTA) [R]
Nombre del editor, distribuidor, etc. [R] Marquez Films
Lugar de publicación, distribución, etc. [R] Managua (Nicaragua)
Fecha de publicación, distribución, etc. [R] 2007
300 ## - DESCRIPCION FISICA [R]
Extensión [R] 1 DVD (40 min)
Otros detalles físicos [NR] imagen, sonido
650 #7 - ASIENTO SECUNDARIO DE MATERIA - TERMINO TEMATICO [R]
9 (RLIN) 8719
Término temático o nombre geográfico como elemento de entrada [NR] Agricultura
Subdivisión geográfica [R] Nicaragüa
650 #7 - ASIENTO SECUNDARIO DE MATERIA - TERMINO TEMATICO [R]
9 (RLIN) 12924
Término temático o nombre geográfico como elemento de entrada [NR] Desarrollo agrícola
Subdivisión general [R] Nicaragüa
651 #1 - ASIENTO SECUNDARIO DE MATERIA - NOMBRE GEOGRAFICO [R]
Nombre geográfico [NR] Nicaragüa
Subdivisión general [R] Agricultura
9 (RLIN) 69284
690 ## - ASUNTO AGREGADO LOCAL DE ENTRADA - TÉRMINO TEMÁTICO (OCLC, RLIN)
9 (RLIN) 42915
Acceso temático local Tecnología
700 1# - ASIENTO SECUNDARIO - NOMBRE PERSONAL [R]
Nombre personal [NR] Márquez, María Libertad
Término de relación [R] director
9 (RLIN) 69285
942 ## - ELEMENTOS DE ENTRADA AGREGADOS (KOHA)
Sistema de clasificación DEWEY
Tema principal Ciencias aplicadas
Tipo de ítem principal el descrito en 300a Multimedia
Edición 1
Clasificación KLN 630.297285
Parte restante de la signatura top. T557
Existencias
Total préstamos Signatura topográfica Código de barras Última vez visto Volúmen / Fascículo Ejemplar Costo de reposición Price effective from Tipo de ítem Perdido Sistema de clasificación Dañado No prestable Tipo de ítem específico Suprimido Ubicación habitual Ubicación actual Localización Fecha de creación Proveedor Forma de adquisición Costo
  630.297285 T557 100146067 10/12/2024 DVD Ej.1 26000.00 12/05/2015 Multimedia   DEWEY     DVD   Claustro Claustro Colección digital 12/05/2015 12 Donación 0.00